• Cappellini Vergara F., D'Asaro A., Fortunato E., Ruini M

di Personal Name

Records bibliografici associati: 1

001 - CONTROL NUMBER

  • control field: 63049

003 - CONTROL NUMBER IDENTIFIER

  • control field:

005 - DATE AND TIME OF LATEST TRANSACTION

  • control field: 20251224191907.0

008 - FIXED-LENGTH DATA ELEMENTS

  • fixed length control field: 251224|| aca||aabn | a|a d

040 ## - CATALOGING SOURCE

  • Original cataloging agency:
  • Transcribing agency:

100 ## - HEADING--PERSONAL NAME

  • Personal name: Cappellini Vergara F., D'Asaro A., Fortunato E., Ruini M

670 ## - SOURCE DATA FOUND

  • Source citation: Work cat.: ()212200: Cappellini Vergara Fiorella (a cura di) 63048, La promozione del benessere nella famiglia, nella scuola e nei servizi., 2001
CREDITS: SOCIETA' SAN PAOLO Via A.Severo, 58 - ROMA (RM) & PERIODICI SAN PAOLO SRL Via Giotto, 36 MILANO & CISF Via Giotto, 36 MILANO & EDIZIONI SAN PAOLO SRL,  Piazza Soncino, 5 CINISELLO BALSAMO (MI) -- ITALY